| 000 | 00873nam a22002894a 4500 | ||
|---|---|---|---|
| 001 | 50480 | ||
| 005 | 20230411090003.0 | ||
| 008 | 071220s2006 sp a 000 0 spa | ||
| 035 | _a(OCoLC)ocn184946541 | ||
| 040 |
_aDRFGD _cDRFGD |
||
| 035 | _a(OCoLC)184946541 | ||
| 049 | _aGRAL | ||
| 100 | 1 | _aVillafañe, Justo. | |
| 245 | 1 | 0 |
_aPrincipios de teoría general de la imagen / _cJusto Villafañe, Norberto Mínguez. |
| 260 |
_aMadrid : _bEdiciones Pirámide, _cc2006 |
||
| 300 |
_a342 p. : _bill. (some col.) ; _c23 cm. |
||
| 490 | 0 | _aColección "Medios" | |
| 504 | _aIncludes bibliographical references (p. [339]-342). | ||
| 650 | 0 | _aVisual perception. | |
| 650 | 0 | _aImagery (Psychology) | |
| 653 | _aFotografía. | ||
| 653 | _aPintura. | ||
| 653 | _aCinematografía. | ||
| 700 | 1 | _aMínguez-Arranz, Norberto. | |
| 942 |
_2lcc _cbk |
||
| 994 |
_aC0 _bDRFGD |
||
| 999 |
_c110455 _d110455 |
||